Curso y ejercicios de estadística: aplicación a las ciencias biológicas, médicas y sociales
Zapisane w:
| Główni autorzy: | , , |
|---|---|
| Format: | Książka |
| Język: | hiszpański |
| Wydane: |
Madrid
Pearson Educación
2000
|
| Hasła przedmiotowe: | |
| Etykiety: |
Dodaj etykietę
Nie ma etykietki, Dołącz pierwszą etykiete!
|
MARC
| LEADER | 00000nam a2200000 a 4500 | ||
|---|---|---|---|
| 001 | UCM7005 | ||
| 003 | CL-VaPUC | ||
| 008 | 021129e20000000SP |||||||||||||||||spa|d | ||
| 020 | |a 8420508780 | ||
| 082 | 0 | 4 | |a 519.5 |b QUE |2 21 |
| 100 | 0 | |a Quesada Paloma, Vicente |e author |9 472719 | |
| 700 | 0 | |a Isidoro Martín, A |e author |9 472720 | |
| 700 | 0 | |a López Martín, L. A |e author |9 472721 | |
| 245 | 1 | 0 | |a Curso y ejercicios de estadística: aplicación a las ciencias biológicas, médicas y sociales |
| 300 | |a 437 p | ||
| 942 | |c BK | ||
| 945 | |d 20021129 00:00:00 |a vberengu | ||
| 260 | |a Madrid |b Pearson Educación |c 2000 | ||
| 650 | 7 | |a ESTADISTICAS DESCRIPTIVAS |2 CL-VaPUC |9 335950 | |
| 650 | 0 | |a Inferencia estadística |9 312855 | |
| 650 | 0 | |a Análisis descriptivo |9 457670 | |
| 583 | |a last modification |c 20021129 00:00:00 |k Rodrigo Vera | ||
| 999 | |c 302041 |d 302039 | ||
| 952 | |0 0 |1 0 |4 0 |6 519_500000000000000_QUE_2000 |7 0 |8 A |9 362025 |a BIBGIM |b BIBGIM |d 2019-11-21 |i 3866696 |o 519.5 QUE 2000 |p 3866696 |r 2025-01-15 |w 2019-11-21 |y BK |k EST | ||
| 952 | |0 0 |1 0 |4 0 |6 519_500000000000000_QUE_2000 |7 0 |8 A |9 362026 |a BIBGIM |b BIBGIM |d 2019-11-21 |i 3983986 |o 519.5 QUE 2000 |p 3983986 |r 2025-01-15 |w 2019-11-21 |y BK |k EST | ||
| 952 | |0 0 |1 0 |4 0 |6 519_500000000000000_QUE_2000 |7 0 |8 A |9 362027 |a BIBGIM |b BIBGIM |d 2019-11-21 |i 3983994 |o 519.5 QUE 2000 |p 3983994 |r 2025-01-15 |w 2019-11-21 |y BK |k EST | ||